000 00639nam a22001817a 4500
003 OSt
005 20260311124741.0
082 _a631.587
_bDHA/DE
088 _aP 658
100 _aDHAKSHINA DEVADASAN
_97929
100 _aASHIKA N
_97930
100 _aAKSA ELIZABETH JOSE
_97931
245 _aDESIGN AND DEVELOPMENT OF SMART WEIGHING LYSIMETER FOR EVAPOTRANSPIRATION STUDIES
260 _aTavanur
_bDEPARTMENT OF IRRIGATION AND DRAINAGE ENGINEERING, KELAPPAJI COLLEGE OF AGRICULTURAL ENGINEERING AND FOOD TECHNOLOGY
_c2025
700 _aREMA K.P
_92901
856 _uhttp://14.139.181.140:8080/jspui/handle/123456789/2202
942 _cPR
999 _c19632
_d19632